000 01783nam a2200277Ia 4500
999 _c40861
_d40861
001 7503
003 GE_BSU
005 20210504191214.0
008 181216s2013||||ge |||||||||||||| ||geo||
020 _a9789941434372
040 _cGE_BSU
041 _ageo
080 _a94(479.223)(084.12) ო–87
100 _aოქროპირიძე, უჩა
_91875
245 _aაჭარა ქართულ ეროვნულ - განმათავისუფლებელ მოძრაობაში (1988-1993 წლები) :
_bფოტოალბომი /
_cუჩა ოქროპირიძე, ოლეგ ჯიბაშვილი ; რედ. ავთანდილ სონღულაშვილი.
264 _aბათუმი :
_bშოთა რუსთაველის სახ. უნ–ტის გამ-ბა,
_c2013.
300 _a80 გვ. ;
_b30 სმ.
500 _aეძღვნება მერაბ კოსტავას ხსოვნას
653 _aეროვნულ - განმათავისუფლებელი მოძრაობა საქართველოში
653 _aისტორია
700 _aჯიბაშვილი, ოლეგ
_eავტორი
_937
700 _aსონღულაშვილი, ავთანდილ
_eრედაქტორი
_92321
710 _a ბათუმის შოთა რუსთაველის სახელმწ. უნ-ტის ნიკო ბერძენიშვილის ინ-ტი
_96004
856 _uhttp://dspace.nplg.gov.ge/bitstream/1234/21815/1/AcharaQartulerovnulGanmatavisuflebelModzraobashi.pdf
_yელ. ვერსია, pdf
942 _cBK
_2udc